Strojníctvo a elektrotechnika

Na minha lista:
Detalhes bibliográficos
Autor principal: Baumgartner, Štefan (Author)
Formato: Livro
Idioma:eslovaco
Publicado em: Bratislava : SVŠT v Bratislave, 1989
Tags: Adicionar Tag
Sem tags, seja o primeiro a adicionar uma tag!

MARC

LEADER 00000nam a22000003a 4500
001 stu28749
005 20150617225737.7
008 950510s1989----xo------------------slo-d
040 |a STU  |b slo 
041 0 |a slo 
044 |a xo 
080 |a 621.3(075.8) 
100 1 |a Baumgartner, Štefan  |4 aut 
245 1 |a Strojníctvo a elektrotechnika 
260 |a Bratislava :  |b SVŠT v Bratislave,  |c 1989 
300 |a 231 s 
996 |b 284V002972  |c V*30659/S-89  |l VVS  |s A  |a 24  |w stu28749_0002 
996 |b 284V002947  |c V*30657/S-89  |l VVS  |s A  |a 24  |w stu28749_0009 
996 |b 284V023317  |c V*37837/O-15836  |l VVT  |s A  |a 24  |w stu28749_0011 
996 |b 284V023627  |c V*37838/O-15836a  |l VVT  |s A  |a 24  |w stu28749_0012